000
00275nam a2200121Ia 4500
008
190216s9999||||xx |||||||||||||| ||und||
100
_a
Sivanarayana Chadurvedhi
245
0
_a
Hindi-Pradhirodh
260
_b
Sahgithya Sangam
300
_a
93
650
_a
Hindi
942
_c
BK
999
_c
16222
_d
16222